000 01026nam a2200265 i 4500
001 66711
003 ES-MaACL
005 20250911063538.0
007 t|
008 920902s1989 sp ||||0| spa d
020 _a84-259-0837-X
080 _a946.0"18"
100 1 _aRomero Alpuente, Juan,
_d1762-1835
_999355
245 1 0 _aHistoria de la revolución española y otros escritos /
_cJuan Romero Alpuente ; edición preparada e introducida por Alberto Gil Novales.
260 _aMadrid :
_bCentro de Estudios Constitucionales,
_c1989.
300 _a2 v. ;
_c22 cm.
490 1 _aClásicos del pensamiento político y constitucional español ;
_v15
504 _aBibliografía.
651 7 _aEspaña-
_xHistoria-
_yS.XIX
_2
_9142005
700 0 _aGil Novales, Alberto,
_d1930-2016
_956851
710 2 _aCentro de Estudios Constitucionales (España)
_92618
830 1 _aClásicos del pensamiento político y constitucional español ;
_v15
_9180380
852 _aES-MaACL
_jL-27198-99
999 _c66711
_d66711